Beyond modernism : (Record no. 404)

MARC details
000 -LEADER
campo de control de longitud fija 01045cam a2200337 a 4500
001 - NÚMERO DE CONTROL
campo de control 664399
005 - FECHA Y HORA DE LA ÚLTIMA TRANSACCIÓN
campo de control 20220326193309.0
008 - DATOS DE LONGITUD FIJA--INFORMACIÓN GENERAL
campo de control de longitud fija 880706s1988 nyua 001 0 eng
010 ## - NÚMERO DE CONTROL DE LA BIBLIOTECA DEL CONGRESO
Número de control de LC 87045637
020 ## - NÚMERO INTERNACIONAL ESTÁNDAR DEL LIBRO
Número Internacional Estándar del Libro 0064352676 :
Condiciones de disponibilidad $22.50
035 ## - NÚMERO DE CONTROL DEL SISTEMA
Número de control de sistema (OCoLC)16900351
035 ## - NÚMERO DE CONTROL DEL SISTEMA
Número de control de sistema (OCoLC)ocm16900351
035 ## - NÚMERO DE CONTROL DEL SISTEMA
Número de control de sistema (CStRLIN)NYCG88-B50651
035 ## - NÚMERO DE CONTROL DEL SISTEMA
Número de control de sistema (NNC)664399
040 ## - FUENTE DE CATALOGACIÓN
Centro/agencia modificador NSbSU
-- RPB
082 0# - NÚMERO DE LA CLASIFICACIÓN DECIMAL DEWEY
Número de clasificación 709.047
Número de ítem L665b
090 ## - LOCALMENTE ASIGNADO TIPO-LC NÚMERO DE CLASIFICACIÓN (OCLC); NÚMERO DE CLASIFICACIÓN LOCAL (RLIN)
Número de clasificación (OCLC) (R) ; Numero de clasificación, CALL (RLIN) (NR) N6490
Número cutter local (OCLC) ; Número de libro/Signatura topográfica íntegra, CALL (RLIN) .L455 1988
100 1# - ENTRADA PRINCIPAL--NOMBRE DE PERSONA
Nombre de persona Levin, Kim.
9 (RLIN) 1937
245 10 - MENCIÓN DEL TÍTULO
Título Beyond modernism :
Resto del título essays on art from the '70s and '80s /
Mención de responsabilidad, etc. by Kim Levin.
250 ## - MENCION DE EDICION
Mención de edición 1st ed.
260 ## - PUBLICACIÓN, DISTRIBUCIÓN, ETC.
Lugar de publicación, distribución, etc. New York :
Nombre del editor, distribuidor, etc. Harper & Row,
Fecha de publicación, distribución, etc. c1988.
263 ## - FECHA PROYECTADA DE PUBLICACIÓN
Fecha proyectada de publicación 8803
300 ## - DESCRIPCIÓN FÍSICA
Extensión xiv, 258 p. :
Otras características físicas ill. ;
Dimensiones 24 cm.
490 1# - MENCIÓN DE SERIE
Mención de serie Icon editions
500 ## - NOTA GENERAL
Nota general Includes index.
505 ## - NOTA DE CONTENIDO CON FORMATO
Título Acknowledgments
-- Introduction
-- Cap 1: Farewell to modernism
-- Cap 2: Absence: the 70´s
-- Cap 3: Afterlife: the 80´s
650 #0 - PUNTO DE ACCESO ADICIONAL DE MATERIA--TÉRMINO DE MATERIA
Término de materia o nombre geográfico como elemento de entrada Art, Modern
Subdivisión cronológica 20th century.
9 (RLIN) 121
700 ## - ENTRADA AGREGADA--NOMBRE PERSONAL
Nombre de persona Levin, Kim.
9 (RLIN) 1938
830 #0 - PUNTO DE ACCESO ADICIONAL DE SERIE-TÍTULO UNIFORME
Título uniforme Icon editions.
9 (RLIN) 1939
Holdings
Estatus retirado Estado de pérdida Fuente del sistema de clasificación o colocación Estado de daño No para préstamo Biblioteca de origen Biblioteca actual Ubicación en estantería Fecha de adquisición Total de préstamos Signatura topográfica completa Código de barras Visto por última vez Precio de reemplazo Tipo de ítem Koha
    Clasificación Decimal Dewey     Biblioteca LadoV Biblioteca LadoV   17/12/2014   709.047 L665b 000306 17/12/2014 17/12/2014 Material 01